| 000 | 00996cab a2200277 4500 | ||
|---|---|---|---|
| 001 | ABS53297 | ||
| 008 | 090401t1995 xxu||||| |||| 00| 0 eng d | ||
| 035 | _a(Sirsi) u3343 | ||
| 041 | _aeng | ||
| 100 | _aWarren, L. | ||
| 245 | _aPPG9 "Nature Conservation" - A new initiative? | ||
| 260 | _c1995 | ||
| 350 | _a0 | ||
| 490 |
_aJournal of Planning and Environment Law _vJuly 1995, 574-579(6) |
||
| 520 | _aOutlines the main points in PPG9, and assesses their value in guiding local authorities and others on the importance to attach to nature conservation interests. Looks at government objectives before examining the content of PPG9 in some detail. | ||
| 650 | _aCONSERVATION (NATURAL HABITATS ETC) REGULATIONS 1994 | ||
| 650 | _aCONSERVATION OF WILD BIRDS | ||
| 650 | _aEC DIRECTIVES | ||
| 650 | _aHABITATS DIRECTIVE | ||
| 650 | _aNATURE CONSERVATION | ||
| 650 | _aPPG9 | ||
| 690 | _aCONSERVATION | ||
| 690 | _aPLANNING LAW AND PRACTICE | ||
| 942 | _n0 | ||
| 948 | _c04/03/1997 | ||
| 999 |
_c2049 _d2049 |
||